La antigua Roma: la construcción de un mito desde Augusto a Justiniano
Saved in:
| Format: | Book |
|---|---|
| Language: | Spanish |
| Published: |
Madrid
Electa
2000
|
| Series: | Art Book. Colección de Monografías de Bolsillo
|
| Subjects: | |
| Tags: |
Add Tag
No Tags, Be the first to tag this record!
|
MARC
| LEADER | 00000nam a2200000 a 4500 | ||
|---|---|---|---|
| 001 | UCN4487 | ||
| 003 | CL-VaPUC | ||
| 008 | 010803e20000000SP |||||||||||||||||spa|d | ||
| 082 | 0 | 4 | |a 937 |b ANT |2 21 |
| 245 | 1 | 3 | |a La antigua Roma: la construcción de un mito desde Augusto a Justiniano |
| 300 | |a 143 p | ||
| 942 | |c BK | ||
| 945 | |d 20010803 00:00:00 |a cmena | ||
| 260 | |a Madrid |b Electa |c 2000 | ||
| 650 | 0 | |a Historia antigua |9 267521 | |
| 650 | 0 | |a Roma antigua |9 460953 | |
| 650 | 0 | |a Civilizaciones antiguas |9 265998 | |
| 650 | 0 | |a Arte romano |9 267838 | |
| 650 | 0 | |a Arquitectura romana |9 314422 | |
| 583 | |a last modification |c 20010803 00:00:00 |k Rodrigo Vera | ||
| 490 | 0 | |a Art Book. Colección de Monografías de Bolsillo | |
| 999 | |c 296721 |d 296719 | ||
| 952 | |0 0 |1 0 |4 0 |6 937_000000000000000_ANT_2000 |7 0 |8 A |9 350805 |a BIBHIS |b BIBHIS |d 2019-11-20 |i 3744221 |l 2 |o 937 ANT 2000 |p 3744221 |r 2025-01-20 |s 2024-09-13 |w 2019-11-20 |y BK |k HIS | ||